000
00297 a2200133 4500
000
nam a22 7a 4500
100
_a
P C SHARMA
110
_a
P C SHARMA
245
_a
Production Engineering
250
_a
latest edition
260
_b
S.Chand
_c
2024
264
_b
S.Chand
_c
2024
942
_c
BK
999
_c
397114
_d
397114